| 000 | 00739nam a2200277 a 4500 | ||
|---|---|---|---|
| 999 |
_c9611 _d9611 |
||
| 001 | 9611 | ||
| 003 | BD-JhCC | ||
| 005 | 20180320180522.0 | ||
| 008 | 180320s1979 enk b 001 0 eng d | ||
| 020 | _a0333233190 | ||
| 020 | _a0333233204 (pbk.) | ||
| 035 | _aBD-JhCC)9611 | ||
| 040 |
_aBD-JhCC _cDLC _dBD-JhCC |
||
| 041 | _aeng | ||
| 082 |
_a328.42 _bTAY 1963 |
||
| 100 | 1 |
_aTaylor, Eric, _d1918- |
|
| 245 | 1 | 4 |
_aThe House of Commons at work / _cEric Taylor |
| 250 | _a9th ed. | ||
| 260 |
_aLondon : _bMacmillan Press, _c1979 |
||
| 300 |
_ax, 256p. ; _c20cm |
||
| 500 | _aIncludes index | ||
| 504 | _aBibliography: p. [181]-184 | ||
| 610 | 1 | 0 |
_aGreat Britain. _bParliament. _bHouse of Commons |
| 942 |
_2ddc _cBK |
||